Aldi Stores Ltd v WSP Group plc, WSP London Ltd and Aspinwall and Co Ltd (Record no. 79900)
[ view plain ]
| 000 -LEADER | |
|---|---|
| fixed length control field | 01899cad a22002055a 4500 |
| 001 - CONTROL NUMBER | |
| control field | L142660 |
| 008 - FIXED-LENGTH DATA ELEMENTS--GENERAL INFORMATION | |
| fixed length control field | 080227e20071128xxk v 000 0 eng d |
| 035 ## - SYSTEM CONTROL NUMBER | |
| System control number | (Sirsi) u142660 |
| 041 0# - LANGUAGE CODE | |
| Language code of text/sound track or separate title | eng |
| 245 00 - TITLE STATEMENT | |
| Title | Aldi Stores Ltd v WSP Group plc, WSP London Ltd and Aspinwall and Co Ltd |
| Medium | [electronic resource] |
| 260 ## - PUBLICATION, DISTRIBUTION, ETC. | |
| Date of publication, distribution, etc. | 2007 |
| 520 ## - SUMMARY, ETC. | |
| Summary, etc. | [2007] EWCA Civ 1260, 28 November 2007. Considers whether a client's actions amounted to an abuse of power, when the client initially sued a contractor but not its clients, but then later sued the clients as well. Building company (H) had built stores for appellant company (Al) and another retailer (B). H and the respondent consultants (W and As) gave warranties under seal to say they had properly performed their obligations. Subsequently the stores suffered from subsidence. Al initially brought proceedings against H, which went into administration. Meanwhile B also brought proceedings against H, W and As. Al obtained a judgment against H and tried to enforce it against H's liability insurers. The primary layer insurers indemnified H but the excess layer insurers declined to pay. Al then issued proceedings against W and As alleging breach of the warranties. Al's claims against W and As were struck out on the grounds that Al should have pursued them in the original action. Al appealed. "Held": appeal allowed. Al's conduct was not an abuse of process as Al had not previously sued the consultants and Al's approach was deemed to be fair. |
| 590 ## - LOCAL NOTE (RLIN) | |
| Local note | KA |
| 650 24 - SUBJECT ADDED ENTRY--TOPICAL TERM | |
| Topical term or geographic name entry element | ALDI STORES LTD V WSP GROUP AND OTHERS |
| 650 24 - SUBJECT ADDED ENTRY--TOPICAL TERM | |
| Topical term or geographic name entry element | JOHNSON V GORE WOOD AND CO |
| 651 #4 - SUBJECT ADDED ENTRY--GEOGRAPHIC NAME | |
| Geographic name | England and Wales |
| Chronological subdivision | 1543- |
| 690 ## - LOCAL SUBJECT ADDED ENTRY--TOPICAL TERM (OCLC, RLIN) | |
| Topical term or geographic name as entry element | BUILT ENVIRONMENT-CONSTRUCTION MANAGEMENT-BUILDING CONTRACT ADMINISTRATION |
| 856 40 - ELECTRONIC LOCATION AND ACCESS | |
| Uniform Resource Identifier | <a href="https://www.bailii.org/cgi-bin/markup.cgi?doc=/ew/cases/EWCA/Civ/2007/1260.html">https://www.bailii.org/cgi-bin/markup.cgi?doc=/ew/cases/EWCA/Civ/2007/1260.html</a> |
| Public note | View the judgment free of charge at www.bailii.org... |
| 942 ## - ADDED ENTRY ELEMENTS (KOHA) | |
| Suppress in OPAC | 0 |
| Withdrawn status | Lost status | Source of classification or shelving scheme | Damaged status | Not for loan | Home library | Current library | Shelving location | Date acquired | Total Checkouts | Full call number | Barcode | Date last seen | Copy number | Price effective from | Koha item type |
|---|---|---|---|---|---|---|---|---|---|---|---|---|---|---|---|
| Dewey Decimal Classification | Virtual | Virtual | Online | 27/02/2008 | ONLINE PUBLICATION | 142660-2001 | 06/08/2019 | 1 | 06/08/2019 | Law report |